000 01595nam0a2200373 4500
001 RU\NLR\BIBL_A\022180109
005 20240411101318.0
010 _a978-5-00211-571-6
_93000
021 _aRU
_bКН-П-24-008735
_9КН-П-24-0904
035 _a(NLR Aleph) 022180109
090 _a12979103
_c12979103
100 _a20240326d2024 b y0rusy50 ca
101 1 _arus
_cger
102 _aRU
105 _aa z 000ay
181 0 _ai
_baxxe
182 0 _an
200 1 _aСонные сказки про животных для чтения перед сном
_e[9 сказок]
_eдля чтения взрослыми детям
_fКирстен Фогель
_gиллюстрации Ларисы Лаубер
_gперевод с немецкого Анны Дудченко
203 _aТекст
_bвизуальный
_cнепосредственный
210 _aМосква
_cClever
_cКлевер-Медиа-Групп
_d2024
215 _a75, [2] с.
_cцв. ил.
_d24
225 1 _aБольшая сказочная серия
300 _aНа пер. авт.: Кирстен Фогель, Лариса Лаубер
333 _a0+
512 1 _aСонные сказки про животных
686 0 _aШ9(4Г)60-4
700 1 _7ca
_8rus
_aФогель
_bК.
_f1977-
_gКирстен
_9266965
_3RU\NLR\AUTH\770267021
702 1 _aЛаубер
_bЛ.
_gЛариса
_4440
942 _cBOOK
980 _aNB